Como obter o que quer e apreciar o que tem (Registo nº 12243)
[ vista simples ]
| 000 -Etiqueta do registo | |
|---|---|
| Valores | 00595nam a22002051i 4500 |
| 010 ## - Número ISBN | |
| ISBN | 9789727596577 |
| 090 ## - | |
| -- | 12243 |
| 100 ## - Dados gerais de processamento | |
| Dados gerais | 20170304u u u0frey50 ba |
| 101 0# - Língua de publicação | |
| -- | por |
| 200 1# - Titulo e menção de responsabilidade | |
| Primeira menção de responsabilidade | John Gray |
| Título próprio | Como obter o que quer e apreciar o que tem |
| Informação de outro título | um guia para o sucesso pessoal em todas as áreas |
| 210 ## - Publicação | |
| Nome do editor | Rocco - Temas e Debates |
| Local de publicação | Lisboa |
| Data de publicação | 2003 |
| 215 ## - Descrição física | |
| Paginação / Volumes | 324 p. |
| Dimensões | 21 cm |
| 606 ## - Nome comum usado como assunto | |
| Palavra de ordem | Psicologia dos individuos |
| ID Autoridade | 3349 |
| 675 ## - CDU | |
| Notação | 159.923 |
| -- | 373 |
| 700 #1 - Autor principal (pessoa individual) | |
| Apelido | Gray |
| Nome | John |
| -- | 070 |
| Datas | 1913- |
| 702 #1 - Autor secundário (pessoa individual) | |
| Apelido | Pitombo |
| Nome | Heitor |
| -- | 730 |
| 801 ## - Fonte de origem | |
| País | PT |
| Regras de catalogação | RPC |
| 990 ## - Elementos KOHA | |
| Tipo de documento | Livro |
| 994 ## - Estado da catalogação | |
| -- | COMP |
| Situação do levantamento | Estado | Biblioteca de origem | Biblioteca de empréstimo | Código de barras | Cota | Permissão de empréstimo | Tipo de documento |
|---|---|---|---|---|---|---|---|
| Completo | Biblioteca Municipal de Viana Do Alentejo | Biblioteca Municipal de Viana Do Alentejo | 0017705 | 159.9 GRA | Disponível | Livro | |
| Completo | Biblioteca Municipal de Viana Do Alentejo Pólo Alcáçovas | Biblioteca Municipal de Viana Do Alentejo Pólo Alcáçovas | 0017305 | 159.9 GRA | Disponível | Livro |